000 00382nam a22001697a 4500
005 20160521130551.0
008 160521b xxu||||| |||| 00| 0 eng d
020 _a978-0-07-066768-6
041 _aeng
082 _b3814
100 _aFinch By Ron J.
_9968
245 _aOperations Now
260 _aNew Delhi
_bTMH,
300 _a769
650 _aManagement
_9241
942 _cBK
999 _c1319
_d1319